ARRUPE JESUIT UNIVERSITY

CORONAVIRUS -STOP THE SPREAD - CLEAN,DISINFECT,COVER

Traditional musical instruments of Kenya / (Record no. 125168)

MARC details
000 -LEADER
fixed length control field 00724nam a2200241 a 4500
001 - CONTROL NUMBER
control field 442359
003 - CONTROL NUMBER IDENTIFIER
control field ARRUPE
005 - DATE AND TIME OF LATEST TRANSACTION
control field 20160830145452.0
008 - FIXED-LENGTH DATA ELEMENTS--GENERAL INFORMATION
fixed length control field 820813s1980 ke a b f000 0 eng
010 ## - LIBRARY OF CONGRESS CONTROL NUMBER
LC control number 81980738
040 ## - CATALOGING SOURCE
Original cataloging agency DLC
Transcribing agency DLC
Modifying agency DLC
043 ## - GEOGRAPHIC AREA CODE
Geographic area code f-ke---
050 00 - LIBRARY OF CONGRESS CALL NUMBER
Classification number ML544
Item number .K34
082 00 - DEWEY DECIMAL CLASSIFICATION NUMBER
Classification number 781.91/09676/2
Edition number 19
300 ## - PHYSICAL DESCRIPTION
Other physical details ill. ;
Dimensions 22 cm.
100 1# - MAIN ENTRY--PERSONAL NAME
Personal name Kavyu, Paul N.
9 (RLIN) 25568
245 10 - TITLE STATEMENT
Title Traditional musical instruments of Kenya /
Statement of responsibility, etc P.N. Kavyu.
260 ## - PUBLICATION, DISTRIBUTION, ETC. (IMPRINT)
Place of publication, distribution, etc Nairobi :
Name of publisher, distributor, etc Kenya Literature Bureau,
Date of publication, distribution, etc 1980.
300 ## - PHYSICAL DESCRIPTION
Extent 53 p.;
504 ## - BIBLIOGRAPHY, ETC. NOTE
Bibliography, etc Includes bibliographical references.
650 #0 - SUBJECT ADDED ENTRY--TOPICAL TERM
Topical term or geographic name as entry element Musical instruments
Geographic subdivision Kenya.
9 (RLIN) 23498
906 ## - LOCAL DATA ELEMENT F, LDF (RLIN)
a 7
b cbc
c orignew
d 3
e ncip
f 19
g y-gencatlg
942 ## - ADDED ENTRY ELEMENTS (KOHA)
Source of classification or shelving scheme Library of Congress Classification
Koha item type Monograph ( Printed materials)
Holdings
Withdrawn status Lost status Source of classification or shelving scheme Damaged status Not for loan Collection code Home library Current library Shelving location Date acquired Total Checkouts Full call number Barcode Date last seen Price effective from Koha item type
    Library of Congress Classification     Main Collection ARRUPE LIBRARY ARRUPE LIBRARY Main Collection 30/08/2016   ML544.K34 46500009559 03/07/2018 30/08/2016 Monograph ( Printed materials)

 

Arrupe Library. PO Box MP320 Mt Pleasant, Harare, Zimbabwe
263 242 745411|librarian@aju.ac.zw